书目信息 |
| 题名: |
撕裂的星条旗
|
|
| 作者: | 吴苏林 编译 | |
| 分册: | ||
| 出版信息: | 合肥 黄山书社 2011.06 |
|
| 页数: | 278页 | |
| 开本: | 24cm | |
| 丛书名: | ||
| 单 册: | ||
| 中图分类: | E712.9 | |
| 科图分类: | ||
| 主题词: | 战争史--研究--美国 , 战争史 | |
| 电子资源: | ||
| ISBN: | 978-7-5461-1722-5 | |
| 000 | 01003nam0 2200277 45 | |
| 001 | 1359692796 | |
| 005 | 20130529083623.82 | |
| 010 | @a978-7-5461-1722-5@dCNY32.00 | |
| 100 | @a20130513d2011 em y0chiy0110 ea | |
| 101 | 0 | @achi |
| 102 | @aCN@b340000 | |
| 105 | @aa z 000yy | |
| 106 | @ar | |
| 200 | 1 | @a撕裂的星条旗@ASi Lie De Xing Tiao Qi@dThe alternative American history@e解读美国强国之战@EJie Dou Mei Guo Qiang Guo Zhi Zhan@f吴苏林编译@FWu Su Lin Bian Yi@zeng |
| 210 | @a合肥@c黄山书社@d2011.06 | |
| 215 | @a278页@c图,照片@d24cm | |
| 300 | @a华文经典 | |
| 330 | @a本书生动地讲述了美国从殖民地到确立世界强国地位经历的五次战争的全过程,揭示了美国强国之战中蕴涵的种种因果与神奇。 | |
| 510 | 1 | @aAlternative American history@zeng |
| 517 | 1 | @a解读美国强国之战@AJie Dou Mei Guo Qiang Guo Zhi Zhan |
| 606 | 0 | @a战争史@x研究@y美国 |
| 606 | 0 | @a战争史 |
| 690 | @aE712.9@v5 | |
| 701 | 0 | @a吴苏林@AWu Su Lin@4编译 |
| 801 | @aCN@bTANGWEI@c20130522 | |
| 905 | @b0833238-42@dE712.9@e81@f5 | |
| 撕裂的星条旗=The alternative American history:解读美国强国之战/吴苏林编译.-合肥:黄山书社,2011.06 |
| 278页:图,照片;24cm |
| 华文经典 |
| ISBN 978-7-5461-1722-5:CNY32.00 |
| 本书生动地讲述了美国从殖民地到确立世界强国地位经历的五次战争的全过程,揭示了美国强国之战中蕴涵的种种因果与神奇。 |
| ● |
| 相关链接 |
|
|
|
|
正题名:撕裂的星条旗
索取号:E712.9/81
 
预约/预借
| 序号 | 登录号 | 条形码 | 馆藏地/架位号 | 状态 | 备注 |
| 1 | 0833238 | 208332384 | 第一样本阅览室/ [索取号:E712.9/81] | 在馆 | |
| 2 | 0833239 | 208332393 | 第一借阅区/ [索取号:E712.9/81] | 在馆 | |
| 3 | 0833240 | 208332400 | 第一借阅区/ [索取号:E712.9/81] | 在馆 | |
| 4 | 0833241 | 208332419 | 第一借阅区/ [索取号:E712.9/81] | 在馆 | |
| 5 | 0833242 | 208332428 | 第一借阅区/ [索取号:E712.9/81] | 在馆 |